75 marques de parfum - Statistiques

Statistiques générales
  • Ce quiz a été pris 1 045 fois
    988 depuis la dernière actualisation
  • Le résultat moyen est 15 sur 75
Statistiques - réponses
Pays Marques % Correct
France Dior
89%
France Chanel
83%
France Yves Saint-Laurent
69%
Italie Gucci
56%
Espagne Paco Rabanne
54%
Italie Armani
53%
France Guerlain
53%
France Hermès
51%
France Lancôme
51%
France Kenzo
46%
France Givenchy
45%
France Nina Ricci
43%
France Jean-Paul Gaultier
39%
France Lacoste
39%
Italie Prada
38%
France Cacharel
37%
Italie Dolce & Gabbana
37%
Allemagne Boss
36%
Royaume-Uni Burberry
32%
Italie Versace
32%
France Mugler
31%
Italie Azzaro
30%
France Diesel
30%
Royaume-Uni Calvin Klein
29%
France Chloé
26%
Italie Valentino
26%
France Cartier
24%
Etats-Unis Tom Ford
19%
France Balenciaga
17%
Venezuela Carolina Herrera
17%
France Lanvin
15%
France Lolita Lempicka
15%
France Rochas
15%
France Balmain
14%
Allemagne Montblanc
14%
Italie Bulgari
13%
Etats-Unis Narciso Rodriguez
12%
France Zadig & Voltaire
12%
France Boucheron
10%
Italie Cerruti
10%
France Caron
8%
Etats-Unis Clinique
8%
Etats-Unis Marc Jacobs
8%
Allemagne Escada
7%
Etats-Unis Estée Lauder
7%
Japon Issey Miyake
7%
France Repetto
7%
Pays-Bas Viktor & Rolf
7%
Italie Acqua di Parma
6%
Liban Elie Saab
6%
Royaume-Unis Jimmy Choo
6%
France Serge Lutens
6%
France Courrèges
5%
France Guy Laroche
5%
France Jean Patou
5%
Italie Miu Miu
5%
France Molinard
5%
France Carven
4%
France Grès
4%
France Pierre Cardin
4%
France Reminiscence
4%
France Van Cleef & Arpels
4%
Italie Bottega Veneta
3%
Etats-Unis Elizabeth Arden
3%
Etats-Unis Hollister
3%
France Atelier Cologne
2%
France Frédéric Malle
2%
France Juliette has a gun
2%
France L'artisan Parfumeur
2%
France Roger & Gallet
2%
Etats-Unis Tiffany & co
2%
France By Terry
1%
Etats-Unis Juicy Couture
1%
Etats-Unis Kat Von D
1%
Etats-Unis Proenza Schouler
1%
Aucun quiz correspondant
Distribution des résultats
% des personnes avec chaque résultat
Percentile par nombre de réponses
Votre historique - résultats
Vous n’avez pas pris ce quiz depuis la dernière actualisation